[Event "Astor Piazzolla"]
[Site "http://www.queenalice.com/game.php?id=1205781"]
[Date "2013.8.6"]
[Round "1"]
[White "magalhaes_br"]
[Black "jadetiger7"]
[Result "0-1"]
[WhiteElo "1413"]
[BlackElo "1623"]

1. e4 e5 2. Nf3 Nf6 3. Bc4 d5 4. Bb3 Nc6 5. d3 dxe4 6. Ng5 Be6 7. dxe4 Qxd1+ 8.
Kxd1 O-O-O+ 9. Bd2 Rd7 10. Nc3 Nd4 11. Bxe6 fxe6 12. h4 h6 13. Nf3 Ng4 14. Rf1
Bc5 15. a3 Nxf3 16. gxf3 Nh2 17. Rh1 Nxf3 18. Rf1 Nxd2 19. Re1 Nb3+ 20. Ke2 Nxa1
21. Rxa1 Rf8 22. Rf1 Rf4 23. Rh1 Rxf2+ 24. Ke1 Rdd2 25. Nd1 Rde2# 0-1

[Event "Challenge"]
[Site "http://www.queenalice.com/game.php?id=1206034"]
[Date "2013.8.7"]
[Round "-"]
[White "jadetiger7"]
[Black "RobertD"]
[Result "0-1"]
[WhiteElo "1620"]
[BlackElo "1856"]

1. e4 e5 2. Nf3 Nc6 3. d4 d6 4. dxe5 Nxe5 5. Nxe5 dxe5 6. Qxd8+ Kxd8 7. Nc3 Bb4
8. a3 Bxc3+ 9. bxc3 Nf6 10. Bc4 Ke7 11. f3 Be6 12. Bxe6 Kxe6 13. Be3 b6 14. O-O
h6 15. f4 Nxe4 16. fxe5 Nxc3 17. a4 c5 0-1

[Event "Challenge"]
[Site "http://www.queenalice.com/game.php?id=1206035"]
[Date "2013.8.7"]
[Round "-"]
[White "RobertD"]
[Black "jadetiger7"]
[Result "1-0"]
[WhiteElo "1863"]
[BlackElo "1613"]

1. f4 d6 2. Nf3 Nc6 3. e4 e5 4. d3 Nf6 5. Be2 h6 6. fxe5 Nxe5 7. O-O Be6 8. c4
c5 9. Bf4 g5 10. Bxe5 dxe5 11. Nxe5 Bd6 12. Nf3 g4 13. Nh4 g3 14. h3 Qe7 15. Nf5
Bxf5 16. Rxf5 1-0

[Event "Challenge"]
[Site "http://www.queenalice.com/game.php?id=1206038"]
[Date "2013.8.7"]
[Round "-"]
[White "jadetiger7"]
[Black "Rzeznik"]
[Result "0-1"]
[WhiteElo "1577"]
[BlackElo "1863"]

1. e4 Nc6 2. Bc4 Nf6 3. Nc3 Ne5 4. d3 h6 5. Nf3 Nxc4 6. dxc4 d6 7. h3 c5 8. Nd5
Nxe4 9. Be3 e6 10. Nc3 Nxc3 11. bxc3 b6 12. O-O Ba6 13. Qd3 Be7 14. h4 O-O 15.
g4 Bb7 16. Qe2 d5 17. Rad1 Bf6 18. g5 Bxc3 19. gxh6 gxh6 20. Bxh6 Re8 21. Ng5
Qf6 22. Qh5 Qg6 23. Qxg6+ fxg6 24. cxd5 Bxd5 25. Rd3 Bd4 26. Rg3 Bxa2 27. Nf3
Kh7 28. Bg5 Bc4 29. Re1 Bc3 30. Re3 Bg7 31. Rh3 e5 32. h5 gxh5 33. Rxh5+ Kg6 34.
Rh4 Bd5 35. Rg4 Bxf3 36. Rxf3 Kh5 37. Rfg3 e4 38. Rh4+ Kg6 39. Bh6+ Kf7 40. Rf4+
Bf6 41. Rg7+ Ke6 42. Rxe4+ Kd5 43. Rxe8 Rxe8 44. Rxa7 Re2 45. Bf4 Rxc2 46. Bc7
b5 47. Bf4 Bd4 48. Be3 Bxe3 49. fxe3 Re2 50. Ra5 b4 51. Rb5 Rxe3 52. Kf2 Ra3 53.
Ke2 Kc4 54. Rb8 b3 0-1

[Event "Challenge"]
[Site "http://www.queenalice.com/game.php?id=1206039"]
[Date "2013.8.7"]
[Round "-"]
[White "Rzeznik"]
[Black "jadetiger7"]
[Result "1-0"]
[WhiteElo "1858"]
[BlackElo "1582"]

1. g3 e5 2. Bg2 d5 3. d3 Nc6 4. Nf3 Bf5 5. O-O Nf6 6. c4 dxc4 7. dxc4 Qxd1 8.
Rxd1 Rd8 9. Rxd8+ Kxd8 10. Ng5 Bg6 11. Nc3 h6 12. Nf3 Nd4 13. Nxd4 exd4 14. Nb5
Bd6 15. Nxd4 Re8 16. e3 c5 17. Nb5 Bb8 18. Bxb7 Be4 19. Bxe4 Nxe4 20. f3 a6 21.
fxe4 axb5 22. cxb5 Rxe4 23. Kf2 Be5 24. Kf3 f5 25. a4 Kc7 26. Ra3 Kb6 27. Bd2
Bxb2 28. a5+ Kb7 29. Rb3 Be5 30. a6+ Kb6 31. Bc3 Bxc3 32. Rxc3 Rb4 33. Ra3 Ka7
34. Ra5 Rb2 35. h4 c4 36. g4 fxg4+ 37. Kxg4 c3 38. Ra3 c2 39. Rc3 Rxb5 40. Rxc2
Kxa6 41. Rc6+ Kb7 42. Rg6 Re5 43. Rxg7+ Kc8 44. Rh7 Rxe3 45. Rxh6 Kd7 46. h5 Re6
47. Kg5 Re7 48. Kf6 Re6+ 49. Kg7 Kd6 50. Rf6 Rxf6 51. Kxf6 Kd5 52. h6 Ke4 53. h7
Kd5 54. h8=Q Ke4 55. Qh4+ Kd5 56. Qf4 Kc5 57. Ke6 1-0

[Event "Challenge"]
[Site "http://www.queenalice.com/game.php?id=1206040"]
[Date "2013.8.7"]
[Round "-"]
[White "jadetiger7"]
[Black "mascarade"]
[Result "0-1"]
[WhiteElo "1607"]
[BlackElo "1830"]

1. e4 b6 2. d4 Bb7 3. d5 e6 4. dxe6 fxe6 5. Bd3 Nf6 6. Nc3 Bb4 7. Qf3 O-O 8. Bf4
Nc6 9. Ne2 e5 10. Bg5 Nd4 11. Qh3 Nxc2+ 12. Bxc2 Qe8 13. O-O Bxc3 14. Nxc3 Qg6
15. f4 Nxe4 16. Qxd7 exf4 17. Bxf4 Rf7 18. Qh3 Re8 19. Rfe1 Rxf4 20. Nxe4 Bxe4
21. Bxe4 Rfxe4 22. Rf1 Re3 23. Qd7 R3e7 24. Qd5+ Kh8 25. Rac1 h6 26. h3 c5 27.
Qd2 Re2 0-1

[Event "Challenge"]
[Site "http://www.queenalice.com/game.php?id=1206041"]
[Date "2013.8.7"]
[Round "-"]
[White "mascarade"]
[Black "jadetiger7"]
[Result "1-0"]
[WhiteElo "1798"]
[BlackElo "1623"]

1. e4 e5 2. Bc4 Nf6 3. d3 d5 4. exd5 Nxd5 5. Nf3 Nc6 6. Ng5 f6 7. Ne4 Be7 8.
Qh5+ g6 9. Qh6 Bf8 10. Qd2 h5 11. Nbc3 Be7 12. Nxd5 f5 13. Nxe7 Qxe7 14. Ng5 f4
15. h4 Nd8 16. b3 Nf7 17. Bxf7+ Kf8 18. a4 Bd7 19. Ba3 c5 20. Bxg6 Rh6 21. Be4
Kg7 22. Qc3 Rc8 23. Qb2 b5 24. axb5 Bxb5 25. Nf3 1-0

[Event "Challenge"]
[Site "http://www.queenalice.com/game.php?id=1206042"]
[Date "2013.8.7"]
[Round "-"]
[White "jadetiger7"]
[Black "jova21"]
[Result "0-1"]
[WhiteElo "1597"]
[BlackElo "1909"]

1. e4 d5 2. exd5 Qxd5 3. Nc3 Qd8 4. Bc4 Nf6 5. Qf3 e6 6. Nge2 Bc5 7. O-O O-O 8.
d3 Nc6 9. Be3 Bxe3 10. fxe3 Ne5 0-1

[Event ":("]
[Site "http://www.queenalice.com/game.php?id=1206225"]
[Date "2013.8.8"]
[Round "-"]
[White "Mr_SPOCK"]
[Black "jadetiger7"]
[Result "1-0"]
[WhiteElo "1546"]
[BlackElo "1544"]

1. e4 e5 2. Nf3 Nc6 3. Nc3 Nf6 4. Bc4 d6 5. d3 Be6 6. Bg5 h6 7. Bh4 g5 8. Bxg5
hxg5 9. Nxg5 Bxc4 10. dxc4 Nd4 11. Nb5 Bh6 12. Qc1 Rg8 13. h4 Nxe4 14. Nxd4 exd4
15. Qf4 Nxg5 16. hxg5 Qxg5 17. Qe4+ Kd7 18. O-O Rae8 19. Qxb7 Re5 20. g3 1-0

[Event "Challenge"]
[Site "http://www.queenalice.com/game.php?id=1206984"]
[Date "2013.8.10"]
[Round "-"]
[White "jadetiger7"]
[Black "denaultj"]
[Result "0-1"]
[WhiteElo "1590"]
[BlackElo "1862"]

1. e4 e5 2. Nf3 Nf6 3. Nc3 d6 4. Bc4 h6 5. d4 Nc6 6. d5 Nb4 7. a3 Na6 8. b4 c6
9. Be3 b5 10. Bd3 Bb7 11. dxc6 Bxc6 12. Bxb5 Bxb5 13. Nxb5 Nxe4 14. Nxa7 Be7 15.
Qd3 Nac5 16. Qb5+ Nd7 17. Nc6 Qc8 18. Qc4 Ng5 19. b5 Bf6 20. Qd5 Nxf3+ 21. Qxf3
e4 22. Qxe4+ Ne5 23. O-O O-O 24. h3 Nxc6 25. bxc6 Bxa1 26. Rxa1 Ra6 27. Rd1 Rxc6
28. f4 Rxc2 29. Rxd6 Re2 30. f5 Re8 0-1

[Event "Challenge"]
[Site "http://www.queenalice.com/game.php?id=1210486"]
[Date "2013.8.22"]
[Round "-"]
[White "cyrano"]
[Black "jadetiger7"]
[Result "0-1"]
[WhiteElo "1628"]
[BlackElo "1572"]

1. e4 e5 2. c4 Bc5 3. Nf3 Nc6 4. d3 b6 5. a4 Nf6 6. h3 Bb7 7. Bd2 Nd4 8. Nxe5 d6
9. Ng4 O-O 10. Bg5 h6 11. Bxf6 gxf6 12. Nxh6+ Kh7 13. Ng4 f5 14. Ne3 fxe4 15.
dxe4 Bxe4 16. Nc3 Qe7 17. Qh5+ Kg7 18. Ncd5 Qe5 19. Qg4+ Bg6 20. O-O-O Nb3# 0-1

[Event "Challenge"]
[Site "http://www.queenalice.com/game.php?id=1210979"]
[Date "2013.8.24"]
[Round "-"]
[White "denaultj"]
[Black "jadetiger7"]
[Result "1-0"]
[WhiteElo "1870"]
[BlackElo "1578"]

1. e4 e5 2. c3 b6 3. d4 d6 4. d5 Bb7 5. Nf3 Nf6 6. Bg5 h6 7. Bh4 g5 8. Bg3 Nxe4
9. Qa4+ Nd7 10. Qxe4 Nf6 11. Qa4+ Ke7 12. c4 Qd7 13. Nc3 c6 14. Rd1 cxd5 15.
Nxd5+ Nxd5 16. Qxd7+ Kxd7 17. cxd5 Rc8 18. Bb5+ Kd8 19. Bc6 Bxc6 20. dxc6 Rxc6
21. Nxe5 Rc2 22. Nxf7+ 1-0

[Event "OS INCLIVEIS"]
[Site "http://www.queenalice.com/game.php?id=1226836"]
[Date "2013.10.24"]
[Round "-"]
[White "adelio"]
[Black "jadetiger7"]
[Result "1-0"]
[WhiteElo "1752"]
[BlackElo "1569"]

1. b4 b5 2. d4 d5 3. Nc3 a6 4. e4 dxe4 5. Nxe4 h6 6. g4 e5 7. Be3 Bb7 8. Bg2
Bxb4+ 9. c3 Bxc3+ 10. Bd2 Bxa1 11. Qxa1 Qxd4 12. Bc3 Qb6 13. Bxe5 Nd7 14. Bxg7
Rh7 15. Bb2 O-O-O 16. Ne2 f6 17. Qc1 Re7 18. N2g3 Nc5 19. O-O Nxe4 20. Nxe4 Bxe4
21. Qf4 Bxg2 22. Kxg2 Qc6+ 23. Kg1 Re4 24. Qf5+ Qe6 25. f3 Qxf5 26. gxf5 Re2 27.
Bc1 Ne7 28. Bxh6 Rg8+ 29. Kh1 Nxf5 30. Bf4 Rxa2 31. Rc1 Nd4 32. Rxc7+ Kd8 33.
Rc1 Nxf3 34. Bg3 1-0

[Event "Challenge"]
[Site "http://www.queenalice.com/game.php?id=1226837"]
[Date "2013.10.24"]
[Round "-"]
[White "jadetiger7"]
[Black "adelio"]
[Result "0-1"]
[WhiteElo "1513"]
[BlackElo "1806"]

1. e4 g6 2. e5 d5 3. d4 Nc6 4. c3 Bf5 5. Bd3 e6 6. Bxf5 gxf5 7. Nf3 h6 8. h3 Qe7
9. g4 O-O-O 10. g5 b5 11. h4 b4 12. Qd3 Nb8 13. Bd2 c6 14. a3 b3 15. a4 a5 16.
c4 Qa7 17. cxd5 Rxd5 18. Na3 Bc5 19. Be3 Ne7 20. Nc4 f4 21. Bxf4 Bxd4 22. Nd6+
Kc7 23. Be3 Bxe3 24. Qxe3 Qxe3+ 25. fxe3 Rh7 26. O-O hxg5 27. hxg5 Rh4 28. Nxh4
Rxe5 0-1